Score 0/7 Timer 03:00
0 Plays Today
Question Answer Wrong Answers
At the 20th American Music Awards, this singer wins the Favorite Country Single award for the song 'Achy Breaky Heart'.
1993
Billy Ray Cyrus
88.3%
Garth Brooks
7.4%
Alan Jackson
1.2%
Vince Gill
1.5%
In his fifth season, this Chicago Bull scores his 10,000th career point in a loss to the Philadelphia 76ers.
1989
Michael Jordan
85.3%
Scottie Pippen
3.7%
Steve Kerr
2.3%
Dennis Rodman
7.2%
Corazon Aquino, 11th President of _________, is born in Paniqui.
1933
The Philippines
84.7%
Malaysia
2.2%
Argentina
7.8%
Brazil
4.9%
Victoria Adams, also known as _____ Spice, announces her engagement to footballer David Beckham.
1998
Posh
81.5%
Ginger
9.7%
Baby
3.9%
Sporty
3.1%
This CEO of McDonald's buys the San Diego Padres team for $12 million.
1974
Ray Kroc
80.6%
Dave Thomas
7.4%
Harland Sanders
4.8%
Ronald McDonald
6%
Notorious gangster Al Capone, often known by this nickname, dies of cardiac arrest at age 48.
1947
Scarface
78.2%
Babyface
18.2%
Two-Face
2%
No-Face
0.7%
The University of ________ is chartered, with Thomas Jefferson as one of its founders.
1819
Virginia
76.2%
Pennsylvania
15.7%
Delaware
3.5%
Maryland
4.6%
Remove Ads.
Support Sporcle.
Get the best of Sporcle when you Go Orange. This ad-free experience offers more features, more stats, and more fun while also helping to support Sporcle. Thank you for becoming a member.

You're not logged in!

Compare scores with friends on all Sporcle quizzes.
OR
Log In

Show Comments

Extras

Top Quizzes Today


Score Distribution

Your Account Isn't Verified!

In order to create a playlist on Sporcle, you need to verify the email address you used during registration. Go to your Sporcle Settings to finish the process.

Report this User

Report this user for behavior that violates our Community Guidelines.

Details: